00763nac a22001811u 4500020001600000082001800016090001500034100003400049245011400083260004500197300002500242504005100267650005100318650004600369942002100415999001500436952013000451 a 070071247X a320.962bM512 c5147d5147 aMeijer, Roel.  aThe quest for modernity :b secular liberal and left-wing political thought in Egypt, 1945-1958/cRoel Meijer aLondon :b RoutledgeCurzon, 2002.c2002 ax, 278 p. ;c 23 cm. aIncludes bibliographical references and index. aEgyptx Politics and governmenty20th century. aEgyptx Intellectual life.y 20th century cBBk320.962 M512 c5147d5147 00104070aMAINbMAINc1STd2007-10-18ePurchasel1o320.962 MEIp000006159q2009-05-07r2008-09-25 00:00:00s2008-09-25yBB